000
00312nam a22001337a 4500
008
210308b ||||| |||| 00| 0 eng d
041
_a
eng
080
_a
51
082
_2
51
100
_a
37
101
_a
MAT
245
_a
localization and iteration of axiomatic set theory
_c
Arthur H.Kruse
942
_2
udc
_c
BK
999
_c
55927
_d
55927